000
00451nam a2200181Ia 4500
008
100917s9999 xx 000 0 und d
082
_b
50980
100
_a
तिबिले अनंत
245
_a
वैर
260
_b
वैभव प्रकाशन
_c
1981
300
_a
183
365
_b
24
520
_a
कादंबरी
630
_a
वैर
650
_a
कादंबरी
730
_a
वैर
942
_c
BOOK
999
_c
656374
_d
656371